| 000 | 01266nam a22003017a 4500 | ||
|---|---|---|---|
| 005 | 20080929101452.0 | ||
| 008 | 080929t xxu||||| |||| 00| 0chin d | ||
| 010 | _aHIN-92169 | ||
| 020 |
_a9789380190761 _c500.00 |
||
| 035 | _aHN-64515 | ||
| 037 | _bDBAD / PUB | ||
| 040 |
_aDPL _bHN |
||
| 082 | _a240 | ||
| 100 |
_926640 _aझा, शशि भूषण |
||
| 245 |
_aजैन तथा बौद्ध दर्शन में मानवतावाद: _cशशि भूषण झा _bएक तुलनात्मक अध्ययन / |
||
| 246 |
_aJain Tatha Bodha Darshan me Manavatavaad _bby Sashi Bhushan Jha |
||
| 260 |
_aनई दिल्ली _bसत्यम पब्लिशिंग हाऊस _c2011 |
||
| 270 |
_aN-3/25ए, मोहन गार्डन, _bनई दिल्ली _e110059 _k09968277749 _msatyampub-2006@yahoo.com |
||
| 300 |
_a138पृ. _c22सेमी (सजिल्द) |
||
| 650 | _9697 | ||
| 650 | _926793 | ||
| 650 | _926674 | ||
| 650 | _9698 | ||
| 700 | _926643 | ||
| 710 | _926662 | ||
| 942 |
_2ddc _cHN _h240 _mझाशशि |
||
| 999 |
_c51256 _d51256 |
||